[Event "2021 North American Open"]
[Site "Las Vegas"]
[Date "2021.12.26"]
[Round "?"]
[White "Ivanov, Mike"]
[Black "Xu, Eddie"]
[Result "0-1"]
[Annotator "Mike Ivanov"]
[WhiteElo "2360"]
[BlackElo "1960"]
[WhiteFideId "-1"]
[BlackFideId "-1"]
[PlyCount "56"]
[GameId "422369495716"]
[EventDate "2021.??.??"]
[EventCountry "USA"]
[SourceTitle "Chess Canada 25"]
[Source "JohnUpper?CFC"]
[SourceDate "2025.06.29"]
[SourceVersion "1"]
[SourceVersionDate "2026.07.01"]
[SourceQuality "1"]

{Chess players often associate cities with tournaments, and I still associate Las Vegas to bitter memories of an overpriced hotel, atrocious results, and catching COVID on the flight back.} 1. e4 e5 2. Nf3 Nc6 3. Bc4 {[#] This begins what turned out to be my worst tournament ever, at least in terms of rating loss. A part of it was focusing too much on openings and not enough on calculation. A part of it was playing underrated American juniors who all gained 200-300 points in the months after this tournament. And a part of it was making impractical opening choices, such as the one in the game. Such was the post-COVID rollercoaster. I was trying to switch to more reputable openings from my Scotch, but play them uniquely. Too uniquely as it turns out.} Bc5 4. c3 Nf6 5. d4 exd4 6. b4 {[#] I had bought a Chessable course on this Dubov Italian, and was itching to use it.  Note to self: never play risky openings with exposed kings against lower-rated players! They sometimes forget they're supposed to lose...} Bb6 7. e5 d5 ({This game (dubbed "Dubov's Immortal") inspired me so much that it caused me to waste 3 months learning the relevant lines in the Dubov Italian, just to lose to a 1900 player on the first try. Darn it Dubov, why couldn't you just win normally!} 7... Ne4 8. Bd5 Nxc3 9. Nxc3 dxc3 10. Bg5 Ne7 11. O-O h6 12. Bh4 O-O 13. Re1 Qe8 14. Bb3 a5 {Dubov Immortal Diagram [#]} 15. Bf6 $3 a4 16. Bc4 $1 Ng6 17. Qd3 (17. Qc2 $142 {so a later ...xc4 does not come with tempo.}) 17... d5 $8 18. exd6 Be6 $8 19. Qxg6 $1 fxg6 20. Rxe6 $8 Qf7 21. Bxc3 $16 Kh8 (21... Bxf2+ $142 $3 $16) 22. Re4 Qf5 23. Re7 Rg8 24. Bxg8 Rxg8 25. dxc7 Qc2 26. Be5 $8 Bxf2+ 27. Kh1 Bb6 28. h3 Kh7 29. Re1 a3 30. Kh2 g5 31. Nd4 Qc4 32. Nf5 Qxb4 33. Rc1 $1 Kg6 34. Rxg7+ Kxf5 35. Rxg8 Bxc7 36. Bxc7 Qb2 37. Rc5+ Ke4 38. Rd8 {1-0 Daniil Dubov (2702)-Sergey Karjakin (2752) Russian Championship Superfinal Moscow RUS 2020 (11)}) 8. exf6 dxc4 9. Qe2+ {This is an important check, as it takes away ...e7, which would have spoiled our fun in case of fxg7.} (9. fxg7 $2 Qe7+ 10. Kf1 Rg8 $19) 9... Be6 10. b5 {[#]} Na5 (10... Nb4 $1 {This was an interesting try by Anand in 2017, leading to a masterpiece. I was prepared for this, and somehow thought everyone else would go here too.} 11. fxg7 Rg8 12. cxb4 Qf6 13. O-O Qxg7 14. g3 O-O-O 15. a4 d3 {Anand Analysis Diagram [#]  "Once I steeled myself to play ...xg3, it was hard to resist the thought of executing the move. 15...f6! was probably objectively better." - Anand} 16. Qb2 Qxg3+ 17. hxg3 Rxg3+ 18. Kh2 Rxf3 19. Bg5 $2 (19. Qg7 $142 $1 Rh3+ 20. Kg2 Bd4 21. Qg5 h6 22. Qxd8+ Kxd8 23. Ra3 $44 {Anand}) 19... Bd4 $8 $19 20. Qd2 Rg8 $1 21. Ra3 h6 22. Rg1 (22. Bf4 Rh3#) 22... Rh3+ 23. Kg2 Rxg5+ 24. Kf1 Rxg1+ 25. Kxg1 Bd5 {#2. Skvortsov,O-Anand,V (2786) Zuerich Chess Challenge, m 6th, 2017.}) 11. fxg7 Rg8 12. cxd4 {[#] Now we can take stock of our position. White is up a pawn but not for long, since g7 is falling. Black has easy development apart from his knight on a5, which is struggling. White's king isn't safe anywhere, although this wasn't clear to me at the time. Black's king will be doing just fine after ...0-0-0. I should point out that the old version of chess engine Leela which I used was much more mellow, and regularly evaluated these positions as equal or slightly better. Current Leela is under no such illusions, giving this -.22 after ...f6.} (12. Nxd4 Bxd4 (12... Rxg7 13. Nxe6 fxe6 14. O-O Qd5 15. g3 O-O-O $13) 13. cxd4 Qf6 14. Bb2 Qxg7 15. g3 O-O-O $15) 12... Qd7 $11 {After seeing how many ways Black has to equalize here and get the initiative, I quickly realized how stupid this whole line was.} (12... Qf6 $11 {also equalizes.} 13. Bg5 (13. Bb2 Qxg7 14. g3 O-O-O 15. d5 Qg4 16. dxe6 Rge8 $8 $36 {is still horrifying.}) ({editor - My 2026 version of leela goes for this:} 13. d5 $1 Qxg7 $1 (13... Qxa1 14. dxe6 $11 f5 (14... Rxg7 15. O-O Qxb1 16. Bh6 $13) 15. O-O $1 Qxg7 $8 $11) 14. dxe6 O-O-O 15. e7 Rde8 16. Bb2 Qxg2 17. Rf1 Bc5 $8 $13 {which shows this line is playable -- for a computer -- but still might be a stupid choice for any human who isn't confident of their ability to outcacluate their opponent.}) 13... Qxg7 $8 14. Nbd2 $13 h6 15. Bh4 Bxd4 (15... Qxg2 $4 16. O-O-O $18) 16. Rd1 $8 Qxg2 $13 17. Rf1 ({editor -} 17. Ne4 $1 c3 $1 $13 {transposes, since} (17... Qxh1+ $2 18. Kd2 $18)) 17... Bh8 (17... c3 18. Ne4 $1 $13) 18. Ne4 c3 19. Bf6 $13) 13. Nc3 (13. Bg5 $4 Bxd4 $19) (13. Bb2 $2 O-O-O $19) (13. Bf4 O-O-O 14. Nc3 Bf5 15. O-O Bd3 16. Qe5 Bxf1 17. Kxf1 f6 $1 18. Qxf6 Qxg7 19. Qxg7 Rxg7 $15 {Not inspiring.}) (13. d5 Qxd5 14. Nc3 Qd3 $15) (13. O-O O-O-O 14. Nc3 Rxg7 15. Bf4 Bg4 16. Rfe1 Qf5 {Black is always in the driver's seat.}) 13... O-O-O {[#]} 14. Bb2 $2 {Perhaps the losing mistake. It may look reasonable, but doesn't let White complete development safely.} (14. Bh6 Bg4 15. O-O-O (15. Ne5 $2 Bxe2 16. Nxd7 Bxd4 $8 $19 {the e7 stays trapped after other exchanges.}) 15... Qd6 $15 {King safety is still more important than that g7 pawn.}) (14. Be3 Rxg7 15. Ne5 Qd6 16. O-O Bh3 $17) (14. Qe5 Bg4 $1 (14... Rde8 15. O-O Bg4 16. Qg3 (16. Qf6 $13) 16... Bxf3 17. Qxf3 Bxd4 18. Ba3 $1 $16) 15. Be3 Bxf3 16. gxf3 Rde8 17. Qd5 $15) (14. Bg5 $142 $1 {This was in my file, alas it was forgotten at the board. White finds dynamic equality.} Rde8 15. O-O-O $1 {Analysis Diagram [#]} ({Sadly, being greedy doesn't work:} 15. Bf6 $2 Bg4 16. Ne5 Qxd4 $19) 15... Rxg7 (15... Bh3 $4 16. Ne5 $8 $18) (15... Bf5 16. Qb2 (16. Qd2 $5) 16... Rxg7 17. Rhe1 Rgg8 $1 (17... Reg8 18. Re7 $14) 18. Qa3 $13 {With a safe king, White can can actually play for something, claiming that Black's a5 and b6 gives him an edge. Even this is roughly equal.}) 16. Rhe1 Rgg8 17. Qd2 {Surprisingly, our king is safer on c1 than g1, and our pieces finally look respectable. g5 could have made the difference.}) 14... Rxg7 15. O-O-O {I remembered that the king is supposed to castle long, just forgot that the bishop belongs on g5. Here, every tempo plays a gigantic role.} (15. g3 Re8 $19) 15... Rxg2 {[#] To give credit to Eddie, he played with confidence, not falling behind on time despite the opening surprise, and taking everything I gave him. Bluffing works a lot better in poker :(} 16. Rd2 Bf5 (16... f6 $142 $1 $17) 17. Ne5 Qe6 {[#]} 18. Na4 $2 {Another whammy of a move. The only good thing about it, is that we defend d4. But the position is too urgent for such timid measures.} (18. Qf3 Bxd4 19. Qxg2 Qxe5 20. Qg3 Bd3 21. Qxe5 Bxe5 22. Nd1 c3 23. Bxc3 Nc4 24. Rxd3 Rxd3 25. Bxe5 Nxe5 26. Re1 Rd5 {The smoke has cleared, but white's pawns are still struggling.}) (18. d5 $8 {White's best chance, but still not enough. It's also hard to consciously open up the bishop on b6.} Qe8 (18... Qh6 $2 19. Nxf7 $18) 19. Qf3 Qxe5 $1 {The key in all these lines for Black is to sac the exchange, and dominate with the vicious bishop pair.} 20. Qxg2 Bd3 $17) 18... c3 $5 (18... f6 $1 {is even stronger} 19. Nf3 Qxe2 20. Rxe2 Bg4 21. Nxb6+ axb6 22. Re3 c6 $19 {editor - Black is up only a pawn, but White's minors are trash.}) 19. Bxc3 f6 20. d5 {Not much else for White unfortunately. My king is not enjoying this opening of events.} Rxd5 {[#]} 21. Rhd1 (21. Rxd5 Qxd5 22. Nf3 Qe4 (22... Rxf2 $2 23. Nxb6+ axb6 24. Qxf2 $11) 23. Qxe4 Bxe4 {Maybe a better try, but still hopelessly miserable.}) 21... Rxd2 22. Qxd2 Rg8 (22... Be3 $3 {would win style points!} 23. Qxe3 Qxa2 24. Rd3 (24. Nd3 Nb3#) 24... Rg1+ 25. Be1 Nb3+ 26. Kd1 fxe5 {Black can sit back and marvel at their position.}) 23. Nxb6+ axb6 {[#] We're 'only' a pawn down, but that bishop on f5 is worth several pawns' advantage.} 24. Nd3 (24. Nf3 Qe4 $19) (24. Bxa5 Qxe5 25. Bc3 Qxb5 $19 26. Qb2 Qc5 {I stopped calculating here, since all that remains is a handshake.}) 24... Rd8 {There's no way out of the pin.} 25. Re1 Qc4 26. Kb2 Rxd3 27. Re8+ Kd7 28. Qe1 Be6 {With no more tricks to hope for, I resigned.   With suffering comes wisdom and this game was a cold shower that showed just how much I still had to learn. I went on to lose two more games, as well as 58 FIDE points. Yet the lessons learned here were necessary.} 0-1

[Event "Cracovia A"]
[Site "Krakow"]
[Date "2023.01.03"]
[Round "8.16"]
[White "Jaskolka, Tomasz"]
[Black "Ivanov, Mike"]
[Result "1-0"]
[Annotator "Mike Ivanov"]
[WhiteElo "2188"]
[BlackElo "2319"]
[WhiteFideId "-1"]
[BlackFideId "-1"]
[PlyCount "123"]
[GameId "455435906234"]
[EventDate "2023.??.??"]
[SourceTitle "Chess Canada 25"]
[Source "JohnUpper?CFC"]
[SourceDate "2025.06.29"]
[SourceVersion "1"]
[SourceVersionDate "2026.07.01"]
[SourceQuality "1"]

{I'd like to show this game to demonstrate the lows of every chess player's life.  This tournament was taking place in Krakow, Poland, which would be a lovely vacation if it wasn't such a horrible tourney for me. After barely drawing three lower-rated players in a row, New Year's eve was ruined by a 8:30 AM game against the Austrian prodigy Lukas Dotzer, who is now a very strong IM but was then just 2100. Round 7 was another write-off, losing a much better position against a lower-rated player, which brings us to this game.} 1. e4 e6 2. d4 d5 3. Nd2 c5 4. Ngf3 {[#] The most precise move-order, discouraging black from the ...xd5 variation which is considered very solid for Black these days.} Nf6 (4... Nc6 {is also possible, but narrows Black's options.} 5. exd5 Qxd5 (5... exd5 6. Bb5 {These lines are holdable but very passive for Black.} Bd6 7. dxc5 Bxc5 8. O-O Nge7 9. Nb3 Bd6 {a la Karpov vs Korchnoi, 1974 Candidates.}) 6. Bc4 Qd7 7. dxc5 Bxc5 8. Qe2 {A worse version of the Chistyakov French.}) 5. exd5 exd5 6. Bb5+ Bd7 7. Bxd7+ Nbxd7 {[#] I had limited knowledge of this line, but he seemed uncertain too. I feel that the Tarrasch is great because of the variety of playable lines, which Black can experiment with. The problem is: White's always slightly better.} 8. O-O Be7 (8... Bd6 9. Re1+ {Would be problematic.}) 9. dxc5 Nxc5 10. Nb3 (10. Re1 O-O 11. Nf1 {can also be annoying, even if Black has remedies.}) 10... Nce4 {[#] I did spend some time at home analyzing GM Sambuev's treatment of this line for Black, where these knights rotate to ever stronger squares.} 11. Nfd4 (11. Nbd4 Bc5 12. Nf5 g6 13. Ng7+) 11... Qd7 12. Bf4 (12. f3 {This is the main line, which leaves white with a tiny symbolic advantage.} Nd6 13. Nc5 {Analysis Diagram [#]} Qc7 (13... Qc8 14. Nd3 O-O 15. Be3 (15. b3 Bd8 16. Bb2 Bb6 17. Kh1 Re8 18. Qd2 Nf5 19. Nxf5 Qxf5 $11 {0-1 (56) Qin,Z (2316)-Sambuev,B (2750) Ottawa Canada Day op 2011 (3)}) 15... Re8 16. Bf2 Bd8 (16... Nf5 17. Qd2 Bd6 18. Rfe1 Nxd4 19. Bxd4 Qf5 20. Rxe8+ Nxe8 {As more pieces get traded, the outpost on d4 and weakness on d5 become more pronounced.}) 17. Re1 Bb6 18. Rxe8+ Qxe8 19. Qd2 Rc8 20. Qb4 Qd7 21. c3 Nc4 22. Re1 $14 {Typical slightly more pleasant position in the Open Tarrasch.}) 14. Nd3 O-O 15. b3 $14 (15. Bg5 {is also interesting.} Rfe8 16. c3 Qd7 17. Re1 h6 18. Bh4 Nf5 19. Bf2 Nxd4 20. Bxd4 Bd6 21. Qd2 $14) 15... Rfe8 16. Be3 Rac8 17. Re1 Bf8 18. Qd2 h6 19. Kh1 a6 20. a4 Qd7 21. Bf4 Rxe1+ 22. Rxe1 Nde8 (22... Nf5 $4 23. Ne5 $18) 23. Qf2 Bd6 24. Bc1 {White's s connect everything so well!} Nc7 25. g4 Ne6 26. Nf5 Bf8 27. Re2 d4 28. Bb2 Rd8 {1-0 (59) Xiong,J (2660)-Vorontsov,P (2463) Dallas UT Fall op 2016 (3)}) 12... O-O 13. Qf3 {[#] At this point it became clear that my opponent was improvising, which means I could become more ambitious.} Rfe8 (13... a5 $5) 14. h3 Rac8 15. Rfd1 a6 (15... Bd8 16. a4 a5 17. c3 (17. Nb5 Rxc2) 17... Bb6 $11) 16. Rd3 b5 17. Be5 $6 {[#] White picks a strange trade, wasting time while allowing me to finish the ideal setup.} Bd8 18. Bxf6 Nxf6 19. Rad1 Bb6 20. c3 Ne4 $11 {[#] The white knights are now superfluous, while our pressure on f2 counteracts their pressure on d5.} 21. Nc1 {Trying to fix the knight, but I can start to take over now.} Re5 (21... a5 22. a3 b4 23. cxb4 axb4 24. axb4 Qa4 25. Nce2 Qxb4 {editor - White has blockaded the the iso on d5, but that's the only thing his pieces are doing.}) 22. Re3 Rce8 23. Nd3 {Tomasz was clearly displeased at this point, acquiescing to an e-file isolani after not finding anything better.} Ng5 24. Qf4 Rxe3 25. fxe3 {[#]} h6 (25... Ne6 26. Qg4 {wasn't convincing.}) 26. Nb4 a5 27. Nbc2 {The knights are stuck on the merry-go-round, while we're taking over the dark squares.} Bc7 28. Qf5 Qd6 29. Nf3 (29. Qf4 Qc5 30. Qf5 b4 $15) 29... Nxf3+ 30. Qxf3 {[#]} {I was starting to get frustrated that there was no immediate win.} Re5 (30... Qh2+ 31. Kf2 Re6 32. Qxd5 Rg6 33. Qa8+ Kh7 34. Qe4 $11) (30... Re4 $1 31. Kf1 (31. Qxe4 $4 Qh2+ $19) 31... Qe5 $15) 31. Nd4 Qd7 32. Kf2 Bb6 33. Ke2 b4 {[#] Black got everything they could dream of from the opening, and I was hoping to transform the positional edge into something tangible. Unfortunately, time-trouble reared its ugly head. We got 30 added minutes on move 40.} 34. Qf4 Qe7 {Slowly building up the pressure on the dark squares. This usually leads to blunders by the defender, which did indeed come.} 35. Rd3 (35. Nf5 Rxf5 $5 36. Qxf5 Qxe3+ 37. Kf1 Qg1+ 38. Ke2 Qxg2+ 39. Kd3 g6 40. Qe5 $1 {(stops ...e4+ then e3+)} Qxh3+ 41. Kc2 Qg2+ 42. Kc1 (42. Rd2 Qe4+ 43. Qxe4 dxe4 $17) 42... Qf2 {should be good for Black, but still far from clear.}) 35... Qe8 36. cxb4 $4 {[#]} axb4 $4 {"There is no remorse like the remorse of chess"  ~H.G.Wells.  I still had a minute and a half here, but I was so scared of using any more time, that the recapture was done automatically without thought. It was only when my hand touched the pawn, that I realized ...e4 just wins a piece for nothing at all.} 37. Kd2 Re4 38. Qg3 Qd8 39. Qf3 {[#]} g6 {Trying not to do anything committal before time control. With more time, I'd probably take on d4...} (39... Bxd4 40. Rxd4 (40. exd4 Qa5 $19) 40... Qa5 $1 41. Rxe4 (41. Kc2 Rxd4 42. exd4 Qxa2 $17) 41... b3+ 42. Ke2 dxe4 43. Qxe4 bxa2 $19) 40. Nc2 Qg5 {We reach time control and finally take a breather. The situation is still good, but the regret of missing 36...e4 gnawed at me. Tilt happens in classical chess too...} 41. Kc1 Qe5 {[#] Trying to make "pretty" moves and pressure weaknesses, but White's position is surprisingly resilient.} 42. a3 $6 {This should only help open up the king. White should just bunker down instead.} (42. Qf2 h5 43. Qd2 Qf5 44. Qe2 (44. Rxd5 $2 Qf1+ 45. Qd1 Qxg2 $19) 44... Bc5 45. Rd2 Qe6 46. Qd3 (46. Rd3 $4 d4 $1 $19) 46... Bxe3 47. Nxe3 Rxe3 48. Qxd5 Re1+ 49. Kc2 Qa6 {In a heavy-piece endgame, the difference in king safety should tell.}) 42... bxa3 43. Rxa3 Kg7 44. Kb1 Bd8 45. Rd3 Bf6 46. Nd4 h5 47. Kc2 {[#]} h4 $2 {Another case of playing on auto-pilot. Sometimes it's better not to realize you've erred during the game, as this can actually take a toll on your remaining moves. Right after I let go of the pawn, I realized how strong ...g5 was.} (47... Bg5 $1 $19 {The pin to d2 conveniently stops the  from covering e3; Black wins the e3 and White's position falls apart.  So many missed chances!}) 48. Kb1 {Here, I couldn't find anything direct so I continued to "massage" the position, hoping that attacking e3 and b2 from different angles will eventually crack White.} Qe8 49. Qf2 Re7 50. Ra3 {[#]} Rb7 $2 {A complete failure in calculation. These positions with open kings require tactical acuity, and I was way too positional here.} (50... Bxd4 $1 {For some reason, I had a mental block on taking this knight, thinking that since he can't move anyways, we should never trade him. A little concrete calculation proves this to be nonsense. Always question your assumptions!} 51. exd4 Re1+ {the most human and easiest to find.} (51... Re2 52. Qf3 Qe4+ {This is the most precise, yet it's far from obvious that black wants a rook endgame. The margin of error is also smaller.} 53. Qxe4 dxe4 54. b4 Rxg2 55. b5 Rg3 $1 $19) 52. Ka2 Qe4 53. Qd2 Qb1+ 54. Kb3 Rd1 55. Qf4 Qd3+ 56. Ka2 Qc4+ 57. Rb3 Rxd4 $19) 51. Ka2 Qe4 52. Qd2 Rc7 {Dreaming of ...e7 where the rook might be guarding too much.} 53. Rc3 Ra7+ 54. Ra3 Re7 {[#] At this point I started to get frustrated that putting pieces on good squares wasn't enough to win this, and White wasn't blundering anything obvious.} 55. Rd3 Re8 56. Ra3 {[#]} Bg5 $2 {Wrong pressure point. Here, my earlier idea of ...e7 actually does something.} (56... Be7 57. Ra7 (57. Rb3 $4 Ra8+ $19) (57. Ra4 Bg5 $19) 57... Bc5 58. Ra5 Bxd4 59. exd4 Qe2 {Analysis Diagram [#] Unbeknownst to me, all the rook endgames are winning since our deep freeze on the kingside is strong.} 60. Qxe2 Rxe2 61. Rxd5 Rxg2 62. Rc5 Rg3 63. b4 Rxh3 64. b5 Rd3 65. b6 Rxd4 66. Ka3 h3 67. b7 h2 68. b8=Q Rd3+ $8 69. Ka2 h1=Q 70. Qe5+ Kh7 {The white king ran out of bricks. Not a forced line, but shows the difficulties White faces.}) 57. Qc3 {I should go back with ...f6 but the stubborn part in me, paired with time trouble and frustration from all the earlier missed chances, leads into a death spiral.} Kh6 {Playing with fire.} 58. Qc6 {[#]} Re7 $6 (58... Bxe3 $4 59. Rxe3 Qxe3 60. Nf5+ $18 {Nasty stuff.}) (58... Kg7 $1 {would be correct, but beyond a tilted player.}) 59. Ra8 Bxe3 {This proved too tempting, since otherwise, why did I go for ...h6?} 60. Qf6 $1 {[#] This was a cold shower, especially since I had a bit more than a minute left. The irony is that even this is better for black, but my panicked mind was too negative to come up with the required resources.} Re8 {Capitulation, as I thought everything was losing.} ({With a bit more time and resilience} 60... Ra7+ $1 {would be a game-changer.} 61. Rxa7 Bxd4 62. Qxf7 Bxa7 63. Qxa7 Qxg2 {Objectively drawish, but practically, Black is pressing.}) (60... Kh5 $5 {Even this saves the game. But it requires an escape-artist.} 61. Rh8+ (61. Nf5 $1 Qc4+ (61... gxf5 $2 62. Rh8+ {and mate.}) 62. Kb1 Qf1+ 63. Ka2 Qc4+ 64. Kb1 Qf1+ $11) 61... Bh6 62. Rxh6+ Kxh6 63. Qh8+ Kg5 64. Nf3+ $8 Kf5 65. Nd4+ $8 Kf4 (65... Kg5 66. Nf3+ $11) 66. Qxh4+ $8 Ke3 67. Qe1+ Kf4 $8 {or mate in 1} 68. Qh4+ $11) 61. Rxe8 ({Even this is winning:} 61. Nf5+ Qxf5 62. Qxh4+) 61... Qxe8 62. Nf5+ {The shock of seeing mate in every line, coupled with the adrenaline from time trouble, made me slam the table in rage. A rating loss like this would mean another half-year of training, saving up for Europe, and going back to roll the dice again.  I went outside on that cold, Polish night, found an empty street, and screamed curses at the sky, since there was no one to be angry at except myself. I got everything I wanted positionally, then my opponent gifted a million chances to convert this tactically, but I snatched defeat from the jaws of victory.   After calming down, I realized that I would have to work on tactical conversion, as relying on intuition to stick my pieces on good squares wasn't going to cut it.} 1-0